Normal view
MARC view
Entry Personal Name
001 - CONTROL NUMBER
- control field: 13106
003 - CONTROL NUMBER IDENTIFIER
- control field: ARRUPE
005 - DATE AND TIME OF LATEST TRANSACTION
- control field: 20141205112007.0
008 - FIXED-LENGTH DATA ELEMENTS
- fixed length control field: 141205|| aca||aabn | a|a d
040 ## - CATALOGING SOURCE
- Original cataloging agency: ARRUPE
- Transcribing agency: ARRUPE
100 ## - HEADING--PERSONAL NAME
- Personal name: Wangombe,
- Titles and other words associated with a name: Kikuyu chief,
- Dates associated with a name: -approximately 1902.
670 ## - SOURCE DATA FOUND
- Source citation: Work cat.: (ARRUPE)0: Kenyatta, Jomo. 13104, My people of Kikuyu,, 1966.